Clic Distance entre Paris et... - Possessions françaises - Statistiques

Statistiques générales
  • Ce quiz a été pris 4 fois
  • Le résultat moyen est 4 sur 22
Statistiques - réponses
Hint Réponse % Correct
Île Saint-Paul 12229 km
67%
Îles Kerguelen 12674 km
33%
Mata-Utu 16075 km
33%
Nouméa 16762 km
33%
Saint-Pierre-et-Miquelon 4271 km
33%
Cayenne 7085 km
33%
Îles Glorieuses 8041 km
33%
Île Juan de Nova 8351 km
33%
Ile Tromelin 8852 km
33%
Saint-Denis-de-la-Réunion 9375 km
33%
Île Clipperton 10678 km
0%
Archipel Crozet 11641 km
0%
Île Amsterdam 12158 km
0%
Papeete 15729 km
0%
Terre Adélie 16628 km
0%
Gustavia 6723 km
0%
Marigot 6726 km
0%
Pointe-à-Pitre 6761 km
0%
Fort-de-France 6863 km
0%
Mamoudzou 8051 km
0%
Atoll Bassas de India 8662 km
0%
Ile Europa 8781 km
0%
Aucun quiz correspondant
Distribution des résultats
% des personnes avec chaque résultat
Percentile par nombre de réponses
Votre historique - résultats
Vous n’avez pas pris ce quiz